| 000 | 01558nam a22003374i 4500 | ||
|---|---|---|---|
| 003 | PE-LiUPU | ||
| 005 | 20260216100212.0 | ||
| 008 | 200807s2008 ag a b 000 0 spa d | ||
| 020 | _a9789875674332 | ||
| 035 | _aPE-LiUPU000004 | ||
| 040 |
_aPE-LiUPU _bspa _cPE-LiUPU _erda |
||
| 082 | 0 | 4 |
_a982.092 _bP958d _223 |
| 100 | 1 |
_aPriora, Juan Carlos, _eautor. |
|
| 245 | 1 | 0 |
_aDon Francisco Hermógenes Ramos Mexía : _brevolucionario en Mayo, defensor de los pueblos originarios, empresario exitoso y cristiano ortodoxo / _cJuan Carlos Priora ; dirigido por Fernando Aranda Fraga y Pablo M. Claverie. |
| 250 | _aPrimera edición. | ||
| 264 | 1 |
_aFlorida, Buenos Aires : _bAsociación Casa Editora Sudamericana ; _aLibertador San Martín, Entre Ríos : _bUniversidad Adventista del Plata, _c2008. |
|
| 300 |
_a248 páginas ; _c21 cm |
||
| 336 |
_atext _2rdacontent |
||
| 337 |
_aunmediated _2rdamedia |
||
| 338 |
_avolume _2rdacarrier |
||
| 504 | _aIncluye bibliografía. | ||
| 505 | 0 | _aEl hombre y su circunstancia -- El hombre y su familia -- El empresario exitoso -- El pensador profundo -- El hombre incomprendido ayer y revalorado hoy. | |
| 600 | 1 | 4 |
_aRamos Mexía, Francisco Hermógenes, _d1773-1828. |
| 650 | 1 | 4 |
_aHistoria argentina _ySiglo XIX. |
| 650 | 1 | 4 | _aRevolución de Mayo, 1810. |
| 650 | 1 | 4 |
_aPueblos originarios _zArgentina _xHistoria. |
| 700 |
_aAranda Fraga, Fernando, _edirector. _98037 |
||
| 700 | 1 |
_aClaverie, Pablo M., _edirector. |
|
| 942 |
_2ddc _cBK |
||
| 980 |
_618228 _aRebeca Esther Huerta Leyton _818226 _gJaime Vilcazán Jefe de Análisis Documental |
||
| 999 |
_c63275 _d63274 |
||